LDR 00625nam a2200181 i 4500 001 000000103087 003 CaOOAMICUS 005 20260407163216.0 008 010914s1973 it u000 u ita u 040 $aSeMil$bita 245 10$a8: Ini-Libb. 300 $a1038 p. 773 0 $aBattaglia, Salvatore <1904-1971>$tGrande dizionario della lingua italiana.$dTorino : UTET, 1961-2009.$g8$w()6614 850 $aSeMil 852 $aSeMil$W1$xVenegono$y1$mSL1.A V 8$j269814$B59548$CSeMilBibl$Z2$F44037 $8I 961 $aSottoscrizione: UTET (Agente) 996 $6245$a8: Ini-Libb$9(OLS)http://semarc/title/149823